Správa o stave dobrovoľníctva zamestnancov na Slovensku (prvý kvantitatívny prieskum realizovaný v období september - november 2011) : [záverečná správa]

Saved in:
Bibliographic Details
Main Author: Dubcová, Gabriela, 1968-
Other Authors: Joniaková, Zuzana, 1970-, Blštáková, Jana, 1980-
Format: Book
Language:Slovak
English
Published: Bratislava Vydavateľstvo EKONÓM 2012
Subjects:
Tags: Add Tag
No Tags, Be the first to tag this record!

MARC

LEADER 00000nlm a2200000 4500
001 0158323
005 20250814113205.4
020 |a 978-80-225-3424-6 
041 0 |a slo 
041 0 |a eng 
044 |a SK 
245 1 0 |a Správa o stave dobrovoľníctva zamestnancov na Slovensku  |b (prvý kvantitatívny prieskum realizovaný v období september - november 2011) : [záverečná správa]  |c Gabriela Dubcová, Zuzana Joniaková, Jana Blštáková 
264 1 |a Bratislava  |b Vydavateľstvo EKONÓM  |c 2012 
300 |a CD-ROM [24 s.] 
610 2 0 |a dobrovoľníctvo 
610 2 0 |a organizácie nevládne 
610 2 0 |a organizácie neziskové 
610 2 0 |a zamestnanci 
610 2 0 |a Slovensko 
100 1 |a Dubcová, Gabriela, 1968- 
700 1 |a Joniaková, Zuzana, 1970- 
700 1 |a Blštáková, Jana, 1980-